000 00695nam a2200205Ii 4500
003 JO-AjNU
008 230605s9999||||xx |||||||||||||| ||und||
040 _aJO-AjNU
_bara
_erda
_cJO-AjNU
041 _aara
050 1 4 _aT58.5.K43 2009
100 3 _aالخناق ، سناء عبدالكريم ,
_eauthor
_950559
245 0 0 _aنظام هندسة المعرفة =Knowledge Engineering System
250 _aط1
264 3 1 _aالعراق:دار القطوف ، 2009
300 _a208ص
336 _atext
_btxt
_2rdacontent
337 _aunmediated
_bn
_2rdamedia
338 _avolume
_bnc
_2rdacarrier
650 4 _aتكنولوجيا المعلومات-المعارف العامة
_950560
999 _aA22279
_c25847
_d25847